| 000 | 00739nam a22002057a 4500 | ||
|---|---|---|---|
| 999 |
_c11020 _d11020 |
||
| 003 | AR-CdUCM | ||
| 008 | 190402b ||||| |||| 00| 0 spa d | ||
| 020 | _a9972-1-0183-5 | ||
| 040 |
_aMUNICIPALIDAD PROVINCIAL DEL CUSCO _cBIBLIOTECA MUNICIPAL DEL CUSCO |
||
| 082 |
_aES / 373.300 / _bC29 |
||
| 100 |
_aCastillo Morales, Juan _927854 |
||
| 245 |
_aCiencias sociales : _b3ro de secundaria / |
||
| 260 |
_aLima : _bBruño, |
||
| 300 |
_a263 paginas _c28 cm. |
||
| 505 | _aContenido :La adolescencia e identidad -- Convivencia -- Derechos y responsabilidades ciudadanas -- Perú y nuestro mundo -- Calidad de vida ... | ||
| 650 |
_aHistoria general _92009 |
||
| 650 |
_aHistoria del Perú _9259 |
||
| 942 |
_2ddc _cLIBROS |
||
| 945 | _arum | ||